000
00278nam a2200097Ia 4500
008
220204s9999 xx 000 0 und d
082
_a
633.72:06.055.5
_b
REP
245
0
_a
Report on the working of the tea, coffee and rubber. 1956-57
260
_b
Ministry of Commerce
942
_c
BK
999
_c
23582
_d
23582